Электрокатадиновая серебряная вода / (Record no. 486714)
[ view plain ]
| 000 -LEADER | |
|---|---|
| fixed length control field | 01206nam a2200277 a 4500 |
| 001 - CONTROL NUMBER | |
| control field | 001189440 |
| 003 - CONTROL NUMBER IDENTIFIER | |
| control field | AM-YeHGA |
| 005 - DATE AND TIME OF LATEST TRANSACTION | |
| control field | 20250617162304.0 |
| 008 - FIXED-LENGTH DATA ELEMENTS--GENERAL INFORMATION | |
| fixed length control field | 161115s1946 un a||||r|||||000|0|rus|d |
| 040 ## - CATALOGING SOURCE | |
| Original cataloging agency | AM-YeHGA |
| 041 0# - LANGUAGE CODE | |
| Language code of text/sound track or separate title | rus |
| 090 ## - LOCALLY ASSIGNED LC-TYPE CALL NUMBER (OCLC); LOCAL CALL NUMBER (RLIN) | |
| -- | 490083 |
| 100 1# - MAIN ENTRY--PERSONAL NAME | |
| Personal name | Кульский, Леонид Адольфович |
| 245 10 - TITLE STATEMENT | |
| Title | Электрокатадиновая серебряная вода / |
| Statement of responsibility, etc. | Л.А. Кульский; [Отв. ред. Ф.Я. Примак]; АН Укр. ССР, Бюро науч. проп. |
| 260 ## - PUBLICATION, DISTRIBUTION, ETC. | |
| Place of publication, distribution, etc. | Киев : |
| Name of publisher, distributor, etc. | Изд-во АН УССР, |
| Date of publication, distribution, etc. | 1946. |
| 300 ## - PHYSICAL DESCRIPTION | |
| Extent | 32 с. : |
| Other physical details | ил. ; |
| Dimensions | 20 см. |
| 650 14 - SUBJECT ADDED ENTRY--TOPICAL TERM | |
| Topical term or geographic name entry element | Медицина |
| 650 14 - SUBJECT ADDED ENTRY--TOPICAL TERM | |
| Topical term or geographic name entry element | Фармакотерапия |
| 650 14 - SUBJECT ADDED ENTRY--TOPICAL TERM | |
| Topical term or geographic name entry element | Отдельные лекарственные средства и их свойства |
| 650 14 - SUBJECT ADDED ENTRY--TOPICAL TERM | |
| Topical term or geographic name entry element | Наружные средства |
| 653 0# - INDEX TERM--UNCONTROLLED | |
| Uncontrolled term | Вода - Обработка серебром |
| 653 0# - INDEX TERM--UNCONTROLLED | |
| Uncontrolled term | Серебро - Бактерицидные свойства |
| 653 0# - INDEX TERM--UNCONTROLLED | |
| Uncontrolled term | Серебряная вода, электрокатадиновая |
| 700 1# - ADDED ENTRY--PERSONAL NAME | |
| Personal name | Примак, Ф.Я. |
| Relator term | ред. |
| Relationship | edt |
| 710 2# - ADDED ENTRY--CORPORATE NAME | |
| Corporate name or jurisdiction name as entry element | Бюро научной пропаганды АН УССР |
| Withdrawn status | Lost status | Source of classification or shelving scheme | Damaged status | Not for loan | Collection | Home library | Current library | Date acquired | Total checkouts | Full call number | Barcode | Date last seen | Price effective from | Koha item type | Public note |
|---|---|---|---|---|---|---|---|---|---|---|---|---|---|---|---|
| Universal Decimal Classification | General | Fundamental Scientific Library | Fundamental Scientific Library | 07/02/2019 | РД II/38339 | FL0550438 | 07/02/2019 | 07/02/2019 | Գրքեր / Books | 30 Days Loan |
ՀՀ Գիտությունների ազգային ակադեմիայի հիմնարար գիտական գրադարան = Fundamental Scientific Library of NAS RA
All site content, except where otherwise noted, is licensed under a